000 00542nam a2200145Ia 4500
003 GCL
008 140319s9999 xx 000 0 ara d
040 _aGCL /
_cGCL
082 0 4 _a814.02
_bم.ق
100 1 _aموسى سليمان
245 1 0 _aالقصص اللغوية والفلسفى مختارات من المقامات ولرسالة الغفران وحسن بن لقظان والنزاع والزوابع /
_cموسى سليمان
260 _a[S.N] :
_bدار الكتاب اللبنانى ،
_c1985
300 _a328 ص
490 _a
999 _c49051
_d49051